00686nam a2200193 i 4500001000700000003000900007005001700016008004100033100003500074245011000109260004500219300004700264490004500311650003300356650002000389830004200409852002000451852002100471170785ES-MaACL20250814013817.0090406s1953 sp af |||| | spa d1 aRiaza Morales, José María.10aCiencia moderna y filosofía b: introducción fisicoquímica y matemática / cpor José Mª Riaza. aMadrid : bEditorial Católica, c1953. aXXI, 756 p., XVI lám. : bil. ; c20 cm.1 aBiblioteca de autores cristianos ; v105 7aCiencia y filosofía2embne07aCiencias2embne00aBiblioteca de autores cristianosv105 aES-MaACLjJ-103 aES-MaACLjD-6006